The formation of an industrial workforce /
Saved in:
| Main Author: | |
|---|---|
| Format: | Thesis Book |
| Language: | English |
| Published: |
1972.
|
| Subjects: | |
| Tags: |
Add Tag
No Tags, Be the first to tag this record!
|
| LEADER | 00925cam a2200277 a 4500 | ||
|---|---|---|---|
| 001 | u134536 | ||
| 003 | SIRSI | ||
| 008 | 920124s1972 si a bv 00 1 eng | ||
| 035 | |a AAP-3082 | ||
| 040 | |a UMM | ||
| 043 | |a a-si--- | ||
| 090 | |a HD8700.8 |b Hey | ||
| 091 | |a Microfiche 580 | ||
| 100 | 1 | 0 | |a Heyzer, Noeleen. |
| 245 | 1 | 4 | |a The formation of an industrial workforce / |c Noeleen Heyzer. |
| 260 | |c 1972. | ||
| 300 | |a 242 leaves : |b tables ; |c 29 cm. | ||
| 500 | |a Mimeographed. | ||
| 500 | |a Microfiche (negative). Kuala Lumpur : University of Malaya Library, 1973. 4 fiche. 11 x 15 cm. | ||
| 502 | |a Dissertation (M.Soc.Sc.) -- University of Singapore. | ||
| 504 | |a Bibliography: leaves [240]-241. | ||
| 650 | 0 | |a Labor and laboring classes |z Singapore. | |
| 650 | 0 | |a Labor supply |z Singapore. | |
| 948 | |a 24/01/1992 |b 26/08/2002 | ||
| 596 | |a 1 | ||
| 999 | |a HD8700.8 HEY |w LC |c 1 |i A002712112 |l STACKS |m P01UTAMA |r Y |s Y |t TESIS |u 6/2/1992 | ||
